000 002830000a22000970004500
100 1 _aLopes, Nicodemus Augustus
245 1 0 _aPastoras, presbíteras e diaconisas : Uma perspectiva bíblica
300 _aVol. 6, Núm 1 (2004), Páginas 23-34
773 0 _tReforma Siglo 21
942 _cANA
999 _c52952
_d52952